Govt. of
Madhya Pradesh

Test Your Skills in C (Record no. 33635)

MARC details
000 -LEADER
fixed length control field 003760000a22001570004500
003 - CONTROL NUMBER IDENTIFIER
control field MACL
040 ## - CATALOGING SOURCE
Original cataloging agency MACL
090 ## - LOCALLY ASSIGNED LC-TYPE CALL NUMBER (OCLC); LOCAL CALL NUMBER (RLIN)
-- 33991
-- 33989
100 ## - MAIN ENTRY--PERSONAL NAME
Personal name Selvi, S Thamarai
245 ## - TITLE STATEMENT
Title Test Your Skills in C
260 ## - PUBLICATION, DISTRIBUTION, ETC. (IMPRINT)
Name of publisher, distributor, etc. Tata McGraw Hill Publishing Com Ltd
Date of publication, distribution, etc. 2002
350 ## - PRICE (NR) (BK AM CF MU VM SE) [OBSOLETE]
Price 135
650 ## - SUBJECT ADDED ENTRY--TOPICAL TERM
Topical term or geographic name as entry element Computer Programming
942 ## - ADDED ENTRY ELEMENTS (KOHA)
Koha item type Library Membar
Call number prefix 005.133/SEL
951 ## - EQUIVALENCE OR CROSS-REFERENCE--GEOGRAPHIC NAME/AREA NAME [OBSOLETE] [CAN/MARC only]
-- 005.133/SEL BOOK
Holdings
Withdrawn status Lost status Source of classification or shelving scheme Damaged status Not for loan Home library Current library Date acquired Cost, normal purchase price Total Checkouts Full call number Barcode Date last seen Date last checked out Price effective from Koha item type
          MACL MACL 19/01/2016 135.00 4 005.133/SEL CLC002154 10/09/2017 13/08/2017 19/01/2016 Library Membar
          MACL MACL 28/01/2016   2 005.133/SEI CLC002495 07/02/2018 23/01/2018 28/01/2016 Books